000 01222cam a2200361 a 4500
001 517
005 20231214103945.0
020 _a9780385740302 (trade)
020 _a9780385908337 (lib. bdg.)
020 _a9780375899058 (ebook)
020 _a9780545487979
020 _a9780375872136 (pbk)
040 _aDLC
_cDLC
_dDLC
_dFISKH
_beng
050 0 0 _aPZ7.L1422
_bEig 2011
082 0 0 _a813.6
_222
100 1 _aLaFleur, Suzanne M.
245 1 0 _aEight keys /
_cSuzanne LaFleur.
250 _a1st ed.
260 _aNew York :
_bWendy Lamb Books,
_c2011.
300 _a216 pages ;
_c22 cm.
505 _aK
520 _aWhen twelve-year-old Elise, orphaned since age three, becomes disheartened by middle school, with its bullies, changing relationships, and higher expectations, keys to long-locked rooms and messages from her late father help her cope.
521 _a590
_bLexile
521 _aK
_bRaz-Plus
650 1 _aSelf-actualization
_vFiction.
650 1 _aMiddle schools
_vFiction.
650 1 _aSchools
_vFiction.
650 1 _aFriendship
_vFiction.
650 1 _aFamily life
_vFiction.
650 1 _aOrphans
_vFiction.
906 _a7
_bcbc
_corignew
_d1
_eecip
_f20
_gy-gencatlg
942 _2ddc
_cBK
_n0
999 _c517
_d517